| 000 | 01050cam a22003377a 4500 | ||
|---|---|---|---|
| 999 |
_c4895 _d4895 |
||
| 001 | 16691486 | ||
| 003 | OSt | ||
| 005 | 20210830110450.0 | ||
| 008 | 110314s2007 enka b 001 0 eng | ||
| 010 | _a 2011286588 | ||
| 015 |
_aGBA729394 _2bnb |
||
| 016 | 7 |
_a013716489 _2Uk |
|
| 020 | _a9781853156649 (pbk.) | ||
| 020 | _a1853156647 (pbk.) | ||
| 035 | _a(OCoLC)ocn181067772 | ||
| 040 |
_aUKM _cUKM _dDLC |
||
| 042 |
_aukscp _alccopycat |
||
| 082 | _aWB18 D543g 2007 | ||
| 100 | 1 |
_aDias, Aruna; Beck, Eric R. _910519 |
|
| 245 | 1 | 0 |
_aGet Through MRCP part 2 : 450 best of fives _b |
| 250 | _a2nd ed. | ||
| 260 |
_aLondon : _bRoyal Society of Medicine Press, _c2007. |
||
| 300 |
_axvii, 405 p. : _bcol.ill; _c24 cm. |
||
| 490 | 1 | _aGet through | |
| 504 | _aIncludes bibliographical references (p. ix) and index. | ||
| 650 | 0 |
_aMCQs Medicine _910520 |
|
| 830 | 0 |
_aGet through. _910522 |
|
| 906 |
_a7 _bcbc _ccopycat _d2 _encip _f20 _gy-gencatlg |
||
| 942 |
_2z _cO_SHELF |
||